000
00272nam a2200109Ia 4500
008
200302s9999 xx 000 0 und d
100
_a
Stephen Patterson & Other
245
_a
Roofing Design and Practice
260
_b
Prentice Hall Inc.
260
_c
2001
300
_a
321 P.,
999
_c
1815
_d
1815